000 00281nam a2200121 a 4500
008 101026s1970|||| d
100 1 _aMaugham, W.S.
245 1 0 _aJúlia, ty si čarovná
260 _bTatran
_aBratislava
_c1970
020 _c21
041 _aslo
044 _axo
_cSK
999 _c12317
_d12317